LEADER 00915cam0-2200325---450- 001 990005064940403321 005 20100225142436.0 035 $a000506494 035 $aFED01000506494 035 $a(Aleph)000506494FED01 035 $a000506494 100 $a19990604d1968----km-y0itay50------ba 101 1 $aita$ceng 102 $aIT 105 $ayf------001yy 200 1 $aAllegoria$eteoria di un mondo simbolico$fAngus Fletcher 210 $aRoma$cLerici$dc1968 215 $a627 p., 32 tav.$d24 cm 225 1 $aDiscorsività$v4 454 0$12001$aAllegory : the theory of a symbolie mode$940049 610 0 $aAllegoria 676 $a809.915 700 1$aFletcher,$bAngus$0202793 801 0$aIT$bUNINA$gRICA$2UNIMARC 901 $aBK 912 $a990005064940403321 952 $a809.915 FLE 1$fFLFBC 959 $aFLFBC 996 $aAllegory : the theory of a symbolie mode$940049 997 $aUNINA LEADER 01300nam--2200421---450- 001 990002768970203316 005 20061004112158.0 010 $a960-7036-16-6 011 $a1105-7785 035 $a000276897 035 $aUSA01000276897 035 $a(ALEPH)000276897USA01 035 $a000276897 100 $a20060629d1992----km-y0itay50------ba 101 $agrc 102 $aGR 105 $aa---||||001yy 200 1 $aAnaskaphe Pellas 1957 - 1964$eoi pelinoi lychnoi$fStellas Drougou 210 $aAthenai$cArchaiologike Hetaireia$d1992 215 $a134 p., 89 p. di tav.$cill.$d28 cm 225 2 $aBibliotheke tes en Athenais Archaiologikes Hetaireias$v128 300 $aTitolo traslitterato 410 0$12001$aBibliotheke tes en Athenais Archaiologikes Hetaireias$v128 454 1$12001 461 1$1001-------$12001 606 0 $aScavi archeologici$yPella 676 $a930.10283 700 1$aDROUGOU,$bStella$0482179 801 0$aIT$bsalbc$gISBD 912 $a990002768970203316 951 $aI C DRO 1$b118 DBC$cI C 959 $aBK 969 $aDBC 979 $aDBC$b90$c20060629$lUSA01$h0948 979 $aDBC$b90$c20060629$lUSA01$h1045 979 $aDBC$b90$c20061004$lUSA01$h1121 996 $aAnaskaphe Pellas 1957 - 1964$9997496 997 $aUNISA LEADER 01491nam 2200457 a 450 001 9910781857103321 005 20230721020226.0 010 $a1-61470-182-2 035 $a(CKB)2550000000060077 035 $a(EBL)3019840 035 $a(MiAaPQ)EBC3019840 035 $a(Au-PeEL)EBL3019840 035 $a(CaPaEBR)ebr10671405 035 $a(OCoLC)928193880 035 $a(EXLCZ)992550000000060077 100 $a20081204d2009 uy 0 101 0 $aeng 135 $aur|n|---||||| 200 10$aKinematic-wave rainfall-runoff formulas$b[electronic resource] /$fTommy S.W. Wong 210 $aNew York $cNova Science Publishers$dc2009 215 $a1 online resource (266 p.) 225 1 $aHydrological science and engineering series 300 $aDescription based upon print version of record. 311 $a1-60692-705-1 320 $aIncludes bibliographical references and index. 410 0$aHydrological science and engineering series. 606 $aRunoff$xMathematical models 606 $aRain and rainfall$xMathematical models 606 $aHydrologic models 615 0$aRunoff$xMathematical models. 615 0$aRain and rainfall$xMathematical models. 615 0$aHydrologic models. 676 $a627/.042 700 $aWong$b Tommy S. W$01571603 801 0$bMiAaPQ 801 1$bMiAaPQ 801 2$bMiAaPQ 906 $aBOOK 912 $a9910781857103321 996 $aKinematic-wave rainfall-runoff formulas$93861525 997 $aUNINA